000 00683nam a2200181 4500
001 137112
003 ES-MaACL
005 20230906195319.0
007 t|
008 070214s1931 sp r ||||1| spa d
100 1 _aSalas y Vaca, José.
_9101781
245 1 0 _aPsicosis sociales
_b: discurso leído en la Academia de Ciencias Médicas de Córdoba... en la... recepción /
_cdel académico D. José Salas y Vaca ; contestación de D. José Navarro Moreno.
260 _aCórdoba :
_bEl Defensor,
_c1931.
300 _a34 p. ;
_c24 x 17 cm.
700 1 _aNavarro Moreno, José.
_985152
710 2 _aAcademia de Ciencias Médicas de Córdoba.
_91172
852 _aES-MaACL
_j1753-F-1
999 _c137112
_d137112